[Event "Vilnius Andriusaicio op rapid "]
[Site "Vilnius"]
[Date "2012.05.26"]
[Round "5"]
[White "Sevrukas, Gediminas"]
[Black "Bagdzius, Gintautas"]
[Result "1-0"]
[WhiteElo "2095"]
[BlackElo "1998"]
[PlyCount "125"]
[EventDate "2012.05.26"]
[EventType "swiss (rapid)"]
[EventRounds "9"]
[EventCountry "LTU"]
[SourceTitle "CBM 148 Extra"]
[Source "ChessBase"]
[SourceDate "2012.06.22"]
[SourceVersion "1"]
[SourceVersionDate "2012.06.22"]
[SourceQuality "1"]

1. d4 e6 2. c4 Nf6 3. Nc3 Bb4 4. Nf3 Bxc3+ 5. bxc3 b6 6. Bg5 h6 7. Bh4 d6 8. e3 Nbd7 9. Bd3 Qe7 10. Be4 Rb8 11. Bd3 Bb7 12. 0-0 0-0 13. Nd2 e5 14. f3 Rfe8 15. e4 Nf8 16. a4 a5 17. Bf2 Ng6 18. g3 Bc6 19. Re1 Bd7 20. Nf1 Nh7 21. Ne3 Ng5 22. Nf5 Qf6 23. Kg2 Bxf5 24. exf5 Ne7 25. Qc2 g6 26. h4 Nh7 27. fxg6 fxg6 28. Be3 Nf5 29. dxe5 dxe5 30. h5 Rf8 31. hxg6 Nxe3+ 32. Rxe3 Ng5 33. Be4 Kg7 34. Rae1 Qe6 35. g4 Rbe8 36. Bf5 Qxc4 37. Rxe5 Qf4 38. Qe2 Rd8 39. Re7+ Kf6 40. Qe5+ Qxe5 41. R1xe5 Rd2+ 42. Re2 h5 43. f4 Rxe2+ 44. Rxe2 hxg4 45. Bxg4 Kxg6 46. fxg5 Kxg5 47. Bf3 Rd8 48. Re7 Rd2+ 49. Kg3 c5 50. Re3 Kf5 51. Bc6 Rc2 52. Bb5 Rc1 53. c4 Rg1+ 54. Kf2 Rg6 55. Re8 Kf4 56. Rf8+ Ke4 57. Rc8 Kd3 58. Rd8+ Kc3 59. Kf3 Re6 60. Kf4 Kb4 61. Rd5 Kc3 62. Kf5 Re7 63. Rd6 1-0

[Event "Vilnius Andriusaicio op rapid "]
[Site "Vilnius"]
[Date "2012.05.26"]
[Round "4"]
[White "Zukauskas, Petras"]
[Black "Sevrukas, Gediminas"]
[Result "1/2-1/2"]
[WhiteElo "1800"]
[BlackElo "2095"]
[PlyCount "119"]
[EventDate "2012.05.26"]
[EventType "swiss (rapid)"]
[EventRounds "9"]
[EventCountry "LTU"]
[SourceTitle "CBM 148 Extra"]
[Source "ChessBase"]
[SourceDate "2012.06.22"]
[SourceVersion "1"]
[SourceVersionDate "2012.06.22"]
[SourceQuality "1"]

1. d4 Nf6 2. f4 d5 3. Nf3 g6 4. g3 Bg7 5. Bg2 0-0 6. 0-0 Nbd7 7. b4 Ne4 8. Bb2 Ndf6 9. Nbd2 Nd6 10. Ne5 c6 11. h3 Qb6 12. c3 a5 13. a3 Nd7 14. e3 f6 15. Nd3 e5 16. Nc5 Re8 17. Qb3 Kh8 18. Kh2 Nf8 19. Rae1 axb4 20. cxb4 e4 21. g4 Qc7 22. Qd1 b6 23. Ncb3 Ba6 24. Rf2 Bc4 25. Kh1 Qd7 26. Nxc4 Nxc4 27. Qc1 Rec8 28. Nd2 Nd6 29. Nb3 Qa7 30. Rc2 Nc4 31. Bf1 Nxb2 32. Qxb2 Qxa3 33. Rec1 Qxb4 34. Rxc6 Rxc6 35. Rxc6 Qe1 36. Qe2 Qxe2 37. Bxe2 Ra2 38. Bf1 Rb2 39. Rxb6 h5 40. Rb7 hxg4 41. hxg4 Ne6 42. Nc5 Rxb7 43. Nxb7 Bf8 44. Kg2 Kg7 45. Na5 Kf7 46. Kf2 Ke7 47. Nb3 Kd6 48. Bb5 Be7 49. Be8 g5 50. f5 Nc7 51. Ba4 Na8 52. Nc5 Nb6 53. Bb5 Kc7 54. Ne6+ Kb7 55. Ke2 Nc8 56. Bd7 Nb6 57. Bb5 Nc8 58. Bd7 Nb6 59. Bb5 Nc8 60. Bd7 1/2-1/2